Soor sukti sudha (Record no. 148010)

MARC details
000 -LEADER
fixed length control field 00569nam a2200217Ia 4500
003 - CONTROL NUMBER IDENTIFIER
control field OSt
005 - DATE AND TIME OF LATEST TRANSACTION
control field 20260303100557.0
008 - FIXED-LENGTH DATA ELEMENTS--GENERAL INFORMATION
fixed length control field 210210b1993 xxu||||| |||| 00| 0 eng d
040 ## - CATALOGING SOURCE
Transcribing agency AL
041 ## - LANGUAGE CODE
Language code of text/sound track or separate title Hindi
082 ## - DEWEY DECIMAL CLASSIFICATION NUMBER
Classification number 861/87
100 ## - MAIN ENTRY--PERSONAL NAME
Personal name HARI (Viyogi)
Dates associated with a name हरि (वियोगी)
9 (RLIN) 257337
245 ## - TITLE STATEMENT
Title Soor sukti sudha
Remainder of title सूर सूक्ति सुधा
260 ## - PUBLICATION, DISTRIBUTION, ETC.
Place of publication, distribution, etc. LAhor
Name of publisher, distributor, etc. -
Date of publication, distribution, etc. 1993
650 ## - SUBJECT ADDED ENTRY--TOPICAL TERM
Topical term or geographic name entry element Sur
9 (RLIN) 257338
650 ## - SUBJECT ADDED ENTRY--TOPICAL TERM
Topical term or geographic name entry element sUkti
9 (RLIN) 257339
650 ## - SUBJECT ADDED ENTRY--TOPICAL TERM
Topical term or geographic name entry element sudha
9 (RLIN) 257340
690 ## - LOCAL SUBJECT ADDED ENTRY--TOPICAL TERM (OCLC, RLIN)
Topical term or geographic name as entry element Hindi Poetry
9 (RLIN) 257341
906 ## - LOCAL DATA ELEMENT F, LDF (RLIN)
a 023108
942 ## - ADDED ENTRY ELEMENTS (KOHA)
Source of classification or shelving scheme Dewey Decimal Classification
Koha item type Book
Holdings
Withdrawn status Lost status Source of classification or shelving scheme Damaged status Not for loan Collection code Home library Current library Shelving location Date acquired Cost, normal purchase price Total Checkouts Full call number Barcode Date last seen Price effective from Koha item type
    Dewey Decimal Classification     Hindi St Aloysius Library St Aloysius Library   02/17/2021 0.00   861/87 023108 02/17/2021 02/17/2021 Book